000 00540nam a2200241Ia 4500
003 IT-RoPAU
008 120407s9999 xx 000 0 und d
040 _aIT-RoPAU
040 _cIT-RoPAU
041 _aita
100 _aThomas Hobbes
245 _aOpere politiche. A cura di Norberto Bobbio. Vol. I
250 _aTorino
260 _aUtet
260 _c1959
300 _a575 p.
300 _c23,5 cm
490 _aClassici politici
490 _v4
600 _a1. Politica - teoria.
942 _cBK
999 _c35826
_d35826